Chitty Chitty Bang Bang GK - Statistics

General Stats
  • This quiz has been taken 30 times
  • The average score is 7 of 15
Answer Stats
Hint Answer % Correct
In which year was the film released? 1968
81%
What were banned in that country? Children
76%
What was the last name of Caractacus played by Dick Van Dyke? Potts
67%
Which type of confectionary, invented by Caracticus, became a huge success and made him rich? Toot Sweets
62%
Which UK comedian played the Toymaker? Benny Hill
57%
Former renowned ballet dancer Robert Helpmann played which character? Child Catcher
57%
Adrian Hall played which character? Jeremy
52%
Which Carry On film star made a guest appearance in the scenes at the fair? Barbara Windsor
43%
Heather Ripley played which character? Jemima
43%
What was the name of the country that the family flew to in 'Chitty'? Vulgaria
43%
What was the name of the lullaby sang by Caractacus to his children? Hushabye Mountain
38%
Gert Frobe who played the Count, had four years earlier played which eponymous film character? Goldfinger
33%
Which UK actor played Lord Scrumptious? James Robertson Justice
33%
Who played Grandpa? Lionel Jeffries
29%
Which actress played Truly Scrumptious? Sally Anne Howes
29%
No matching quizzes found
Score Distribution
Percent of People with Each Score
Percentile by Number Answered
Your Score History
You have not taken this quiz